000 01213namaa2200313 i 4500
003 EG-GICUC
005 20260103121022.0
008 260103s2003 ua |||jr|||| 000 0 ara d
017 _a2003 / 3434
_bدار الكتب والوثائق القومية(مصر)
020 _a9773510980
040 _aEG-GiCUC
_bara
_cEG-GiCUC
_dEG-GiCUC
_erda
082 0 4 _221
_a327.17
_bS238
092 0 4 _221
_a327.17
_bS238
099 _a327.17 S238
100 1 _aالسنوسى، صالح
_eمؤلف.
245 1 2 _aالعولمة :
_bأفق مفتوح وإرث يثير المخاوف : دراسة /
_cصالح السنوسى.
250 _aالطبعة الاولى
264 _aالقاهرة(مصر) :
_bميريت للنشر والمعلومات،
_c2003.
300 _a192 صفحة ؛
_c20 سم
_bإيضاحيات، صور، مثيليات ؛ Illustrations
336 _2rdacontent
_atext
337 _2rdamedia
_aUnmediated
338 _2rdacarrier
_avolume
504 _aيشتمل على ارجاعات ببليوجرافية.
541 _aد. جابر عصفور ؛
_bالقاهرة ؛
_cإهداء ؛
_d2024.
650 1 7 _aالعولمة
_2qrmak
651 1 _2qrmak
905 _aAya
942 _2ddc
_cBK
_e21
_n0
999 _c177318
_d177318